| 000 | 00407nam a2200157 a 4500 | ||
|---|---|---|---|
| 001 | 59210 | ||
| 005 | 20180714060114.0 | ||
| 008 | 140415s1970 sp 000 0 spa d | ||
| 041 | _aspa | ||
| 082 |
_a800 _bEDI |
||
| 100 | 1 | _aCALDERAZZI, A. MASSIMO | |
| 245 | 1 | 3 | _aLA REVOLUCION NEGRA EN LOS EE. UU. |
| 250 | _a1a ed. | ||
| 260 |
_aESPAÑA : _bBRUGUERA, _c1970 |
||
| 650 | 1 | 4 | _aNEGROS EN EUA |
| 999 |
_c59210 _d59210 |
||